LIBRARY & INFORMATION CENTRE, KCAET, TAVANUR

ONLINE PUBLIC ACCESS CATALOGUE (OPAC)

Wind Power Technology (Record no. 14245)

MARC details
000 -LEADER
fixed length control field 00355nam a22001457a 4500
003 - CONTROL NUMBER IDENTIFIER
control field OSt
008 - FIXED-LENGTH DATA ELEMENTS--GENERAL INFORMATION
fixed length control field 241223b |||||||| |||| 00| 0 eng d
020 ## - INTERNATIONAL STANDARD BOOK NUMBER
ISBN 9788120347786
082 ## - DEWEY DECIMAL CLASSIFICATION NUMBER
Classification number 621.47
Item number EAR/WI
100 ## - MAIN ENTRY--AUTHOR NAME
Personal name Earnest Joshua
245 ## - TITLE STATEMENT
Title Wind Power Technology
260 ## - PUBLICATION, DISTRIBUTION, ETC. (IMPRINT)
Place of publication Delhi
Name of publisher PHI Learing private Limited
Year of publication 2014
300 ## - PHYSICAL DESCRIPTION
Number of Pages 458
942 ## - ADDED ENTRY ELEMENTS (KOHA)
Koha item type Books
Holdings
Withdrawn status Lost status Damaged status Collection code Home library Current library Shelving location Date acquired Source of acquisition Cost, normal purchase price Full call number Accession Number Koha item type
        KAUAET KAUAET General Stacks 08/06/2016 Aman Book Stall Calicut 475.00 621.47 EAR/WI 24622 Books
free website counter